| 000 | 00691nam a22002537a 4500 | ||
|---|---|---|---|
| 003 | UA-OsUOA | ||
| 001 | 29597 | ||
| 007 | ta | ||
| 008 | 20041014b un ||||| |||| 00| 0 ukr d | ||
| 100 | _aГрабович Г. | ||
| 090 |
_a82.09(477) _bГ75 |
||
| 942 | _cBK | ||
| 040 |
_aUA-OsUOA _bukr _cUA-OsUOA _dUA-OsUOA |
||
| 245 |
_aУ пошуках великої літератури _cРед. І.Бречак |
||
| 300 | _a54 с. | ||
| 955 | _a0 | ||
| 041 | _aukr | ||
| 080 | _a82.09(477) | ||
| 020 | _a5-7702-0567-9 | ||
| 260 |
_aКиїв _bІнститут Української археології АН України _c1993 |
||
| 044 | _aUA | ||
| 650 | 7 | _2UDC | |
| 999 |
_c315989 _d315989 |
||